000 00259nam a22001217a 4500
008 181101b xxu||||| |||| 00| 0 eng d
041 _aeng
080 _a610
100 _a3
101 _aSHM
245 _aDrug Interaction
_cHnasten.P D
942 _2udc
_cBK
999 _c51389
_d51389